| 000 | 00993nam a22003137a 4500 | ||
|---|---|---|---|
| 001 | BR9600505 | ||
| 003 | BR-BrBNA | ||
| 005 | 20230928095205.0 | ||
| 007 | ta | ||
| 008 | 230509b bl.||||| |||| 00| 0 por d | ||
| 040 |
_aBR-BrBNA _bpor _cBiblioteca Nacional de Agricultura |
||
| 041 | _a(Por) | ||
| 072 |
_aM12 _b8140 _b8954 _b3730 |
||
| 090 | _ 8140 BR9600505 | ||
| 100 | 1 | _aSilva, M.O.B. | |
| 110 | 1 |
_aUniversidade Federal de Lavras, MG (Brasil) _0Tese (Mestre em Zootecnia) |
|
| 245 | 1 | _aNiveis de proteina bruta na racao para alevinos de Pacu (Piractus mesopotamiens Holmberg, 1887)cultivados em tanques-rede com varias desnsidades de estocagem | |
| 260 | 3 |
_aLavras, MG (Brasil): _c1994. |
|
| 300 | _a41 p. | ||
| 500 | _a8 tables; Summaries (Eng, Por); Bibliography p. 34-41 (85 ref.) | ||
| 650 | _aPacu | ||
| 650 | _aAlevino | ||
| 650 | _aTanque | ||
| 650 | _aProteina | ||
| 650 | _aRacao | ||
| 650 | _aEstocagem | ||
| 909 |
_a202309 _bLucia _c55 _dLucia Elande |
||
| 942 | _cBK | ||
| 999 |
_c55082 _d55082 |
||